| 000 | 00627nam a22001817a 4500 | ||
|---|---|---|---|
| 005 | 20251108165440.0 | ||
| 008 | 250721s1985 xx 000 0 ara d | ||
| 082 | 1 | 4 | _aم/956.05/حسي |
| 100 | 1 | _aمؤنس، حسين | |
| 245 | 1 | 0 |
_aفجر الأندلس : _bدراسة في تاريخ الأندلس من الفتح الإسلامي إلى قيام الدولة الأموية ( 711-756م ) / |
| 250 | _aط2 | ||
| 264 | 1 |
_aجده : _bالدار السعودية للنشر و التوزيع، _c1985. |
|
| 300 | _a734ص | ||
| 650 | 1 | 7 | _aالأندلس |
| 650 | 1 | 7 | _aالتاريخ |
| 942 |
_2ddc _cREF |
||
| 999 |
_c28177 _d28177 |
||